Language Quiz

Random Language or German Quiz

German Words St--- Quiz Stats

 Plays Quiz not verified by Sporcle

Support Sporcle.
Go Orange.
Score 0/12 Timer 03:00
0 Plays Today
% Correct
Stadt
98.2%
Sturm
96.4%
Stuhl
92.7%
still
89.1%
Stein
87.3%
stark
85.5%
Stahl
85.5%
Stroh
85.5%
Stamm
83.6%
Stern
81.8%
stolz
78.2%
starr
67.3%

You're not logged in!

Compare scores with friends on all Sporcle quizzes.
OR
Log In

From the Vault

Military Ranks (US)

by SporcleAdmin

If you want to move up the ranks in the armed forces, it would probably help to know what they are.
Remove Ads.
Support Sporcle.
Get the best of Sporcle when you Go Orange. This ad-free experience offers more features, more stats, and more fun while also helping to support Sporcle. Thank you for becoming a member.

Show Comments

Extras

Top Quizzes Today


Score Distribution

Your Account Isn't Verified!

In order to create a playlist on Sporcle, you need to verify the email address you used during registration. Go to your Sporcle Settings to finish the process.

Report this User

Report this user for behavior that violates our Community Guidelines.

Details: